Posibles perspectivas de desarrollo de la economía lechera en el contexto agropecuario de Honduras /

En este estudio, de fuerte contenido empírico, auspiciado por la Cooperación Suiza al Desarrollo (COSUDE) y la Dirección de la Ganadería de la Secretaría de Recursos Naturales (SRN), se trata de elaborar las bases para una política lechera con este fin fue elaborado un instrumento que permite anali...

Deskribapen osoa

Gorde:
Xehetasun bibliografikoak
Egile nagusia: Bravo Baumann, H.
Formatua: Texto
Gaiak:
Etiketak: Etiketa erantsi
Etiketarik gabe, Izan zaitez lehena erregistro honi etiketa jartzen!

MARC

LEADER 00000 a a2200000 04500
001 14224
003
040
100 |a Bravo Baumann, H.  
245 |a Posibles perspectivas de desarrollo de la economía lechera en el contexto agropecuario de Honduras /  |c H. Bravo Baumann 
520 |a En este estudio, de fuerte contenido empírico, auspiciado por la Cooperación Suiza al Desarrollo (COSUDE) y la Dirección de la Ganadería de la Secretaría de Recursos Naturales (SRN), se trata de elaborar las bases para una política lechera   |a con este fin fue elaborado un instrumento que permite analizar las interacciones entre las condiciones agropolíticas básicas, la estructura de producción, los sistemas de comercialización, las costumbres de alimentación y el poder adquisitivo de los consumidores. Los resultados del modelo fueron discutidos en cinco escenarios de los cuales dos fueron presentados a título de ejemplo en este artículo. Los escenarios representan las diferentes prioridades de desarrollo, para cada escenario se desarrollaron medidas e instrumentos que permitan al Estado influir sobre el sector agropecuario y en especial sobre el mercado lechero en dirección de los objetivos elegidos. Cada política favorece uno u otro grupo de interés (productores, consumidores, sector de transformación), indicando al mismo tiempo los factores que pueden provocar conflictos entre estos grupos. EB/JM  
650 |a SECTOR AGROPECUARIO  
650 |a LECHE  
650 |a POLITICA ALIMENTARIA  
650 |a MODELOS ECONOMETRICOS  
650 |a POLITICA DE DESARROLLO  
650 |a GANADO LECHERO  
650 |a MERCADO  
650 |a GRUPOS DE INTERESES  
650 |a PROGRAMACION LINEAL  
773 |g número 21; páginas 83-103  
999 |c 26195  |d 26195 
773 0 |0 18884  |9 3416  |a Universidad Nacional Autónoma de Honduras.  |d Tegucigalpa: UNAH. Postgrado Centroamericano en Economía y Planificación del Desarrollo, 1979-  |o 09980.01-03 corregir  |t Revista Centroamericana de Economía /